000 00796nam a22002417a 4500
999 _c12246
_d12246
003 AR-CdUCM
008 190408b ||||| |||| 00| 0 spa d
040 _aMUNICIPALIDAD PROVINCIAL DEL CUSCO
_cBIBLIOTECA MUNICIPAL DEL CUSCO
082 _aES / 373 /
_bR36
100 _aReime Cruz, Nery
_930009
245 _aWillanakusun /
260 _alima :
_bKinko's Impresores,
_c2010.
300 _a40 paginas ;
_bIlusatraciones, Graficos, Dibujos,
_c27 cm.
500 _aTexto educativo completamente en Quechua
650 _aTexto Educativo
_925832
650 _aEducación
_9460
650 _aLitartura
_930010
700 _aGallegos Condori, Uber
_930011
700 _aWarthon Loayza, Carol
_930012
700 _aSilva Berrio, Carlos
_930013
942 _2ddc
_cLIBROS
945 _apjha
_d2019-04-08